| 000 | 00532nam a2200169Ia 4500 | ||
|---|---|---|---|
| 003 | GCL | ||
| 008 | 140319s9999 xx 000 0 ara d | ||
| 040 |
_aGCL / _cGCL |
||
| 082 | 0 | 4 |
_a210.92 _bم ج |
| 100 | 1 | _aمحمد جلال ابو الفتوح شرف | |
| 245 | 1 | 0 |
_aجلال الدين السيوطى: منهجة واراؤه الكلامية / _cمحمد جلال ابو الفتوح شرف |
| 300 | _a120 ص | ||
| 490 | _a | ||
| 650 | 0 | 4 | _aالاسلام |
| 650 | 0 | 4 | _aالسيوطى, جلال الدين |
| 942 |
_2ddc _cBK |
||
| 999 |
_c37717 _d37717 |
||